000
00290nam a2200121Ia 4500
008
191201s2012 xx 000 0 und d
100
_a
MARTIN, Keith M.
245
0
_a
Everyday Cryptography
260
_b
Oxford University Press
_c
2012
300
_a
530
650
_a
MCA
942
_2
ddc
_c
BK
_0
2
999
_c
7058
_d
7058